[Event "Women's World Championship"]
[Site "Nalchik RUS"]
[Date "2008.09.04"]
[EventDate "2008.08.29"]
[Round "3.2"]
[Result "1-0"]
[White "Antoaneta Stefanova"]
[Black "Inna Gaponenko"]
[WhiteElo "2550"]
[BlackElo "2468"]
[PlyCount "93"]

1. d4 Nf6 2. Bg5 e6 3. Nd2 h6 4. Bh4 c5 5. e3 Be7 6. c3 d6
7. Bd3 Nbd7 8. Ngf3 b6 9. Qe2 Bb7 10. e4 g5 11. Bg3 Nh5
12. Nc4 Qc7 13. e5 g4 14. Nfd2 Nxg3 15. fxg3 dxe5 16. dxe5
O-O-O 17. O-O Rhf8 18. Be4 h5 19. a4 Bd5 20. a5 b5 21. Bxd5
exd5 22. Nd6+ Bxd6 23. exd6 Qc6 24. Rae1 Nb8 25. Qe7 Qxd6
26. Qxa7 Rd7 27. Rf6 Rxa7 28. Rxd6 Rd7 29. Rb6 Rb7 30. Nb3
Rxb6 31. axb6 Nd7 32. Ra1 Kb7 33. Ra7+ Kc6 34. Rc7+ Kd6
35. Na5 Rb8 36. Rc6+ Ke7 37. b7 d4 38. cxd4 cxd4 39. Rh6 Kf8
40. Rxh5 Nf6 41. Rxb5 d3 42. Kf1 d2 43. Ke2 Rd8 44. Kd1 Ne4
45. Rf5 Nd6 46. Rf6 Ne4 47. Rf4 1-0

[Event "Mindsports"]
[Site "Beijing CHN"]
[Date "2008.10.04"]
[EventDate "2008.10.04"]
[Round "4"]
[Result "0-1"]
[White "Kateryna Dolzhykova"]
[Black "Antoaneta Stefanova"]
[WhiteElo "2351"]
[BlackElo "2548"]
[PlyCount "122"]

1. e4 e5 2. Nf3 Nc6 3. Bb5 a6 4. Bxc6 dxc6 5. O-O Qd6 6. d3 c5
7. Be3 Be6 8. Nbd2 Nf6 9. Ng5 Bg4 10. f3 Bd7 11. Nc4 Qe7
12. f4 exf4 13. Bxf4 O-O-O 14. Qf3 h6 15. Nh3 Be6 16. Ne3 Qd7
17. Nf2 Bd6 18. e5 Be7 19. exf6 Bxf6 20. c3 Be7 21. Rad1 Qa4
22. a3 Rhe8 23. Ne4 f5 24. Nf2 g5 25. Be5 f4 26. Nc4 Rd5
27. Rfe1 Qd7 28. b4 cxb4 29. axb4 Rd8 30. Bd4 Bxb4 31. Ne5 Qh7
32. cxb4 Rxd4 33. Nc6 bxc6 34. Rxe6 Qd7 35. Rxc6 Qd5 36. Qxd5
R8xd5 37. Rxh6 Kb7 38. Rb1 Rb5 39. Rh5 a5 40. h4 a4 41. Rxg5
Rbxb4 42. Rxb4+ Rxb4 43. Ra5 Kb6 44. Ra8 Kb7 45. Re8 Rb1+
46. Kh2 a3 47. Re2 Rb2 48. Re1 Rxf2 49. h5 f3 50. Kg3 Rxg2+
51. Kxf3 Rh2 52. Kg4 Kb6 53. Kg5 Kb5 54. Rc1 c5 55. h6 a2
56. Ra1 Kb4 57. h7 Kb3 58. Kg6 Kb2 59. Re1 a1=Q 60. Rxa1 Kxa1
61. Kg7 Kb2 0-1

[Event "Mindsports"]
[Site "Beijing CHN"]
[Date "2008.10.04"]
[EventDate "2008.10.04"]
[Round "5"]
[Result "0-1"]
[White "Antoaneta Stefanova"]
[Black "Alexandra Kosteniuk"]
[WhiteElo "2548"]
[BlackElo "2525"]
[PlyCount "114"]

1. d4 Nf6 2. Bg5 e6 3. e3 h6 4. Bh4 c5 5. Nd2 Nc6 6. c3 d5
7. Ngf3 Be7 8. Bb5 Qb6 9. a4 O-O 10. Rb1 a6 11. Bd3 cxd4
12. exd4 Qc7 13. Qe2 b6 14. Bg3 Bd6 15. Ne5 Nd7 16. f4 Ne7
17. O-O Nf5 18. Bf2 Be7 19. g4 Nd6 20. Bg3 Nxe5 21. fxe5 Nc4
22. Nf3 b5 23. axb5 axb5 24. b3 Nb6 25. Rbc1 Ra3 26. Nd2 Ba6
27. Bf4 Ra2 28. Qe3 b4 29. c4 dxc4 30. bxc4 Ra3 31. Qe4 Rxd3
32. Qxd3 Nd5 33. Ra1 Nxf4 34. Rxf4 Bg5 35. Rff1 Bb7 36. Nf3
Qc6 37. Rab1 Be7 38. Rbd1 Rc8 39. d5 exd5 40. cxd5 Bc5+
41. Kg2 Qa4 42. Rd2 b3 43. Qf5 Rd8 44. e6 fxe6 45. Qxe6+ Kh8
46. Nh4 Qc4 47. Ng6+ Kh7 48. Nf4 Rf8 49. g5 hxg5 50. Qh3+ Kg8
51. Qe6+ Kh7 52. Qg6+ Kg8 53. Qxg5 Qe4+ 54. Kg3 Qe3+ 55. Rf3
Qxd2 56. h4 Bd6 57. h5 Bxd5 0-1

[Event "Mindsports"]
[Site "Beijing CHN"]
[Date "2008.10.04"]
[EventDate "2008.10.04"]
[Round "7"]
[Result "0-1"]
[White "Antoaneta Stefanova"]
[Black "Huang Qian"]
[WhiteElo "2548"]
[BlackElo "2430"]
[PlyCount "82"]

1. d4 Nf6 2. Bg5 g6 3. Bxf6 exf6 4. c4 f5 5. e3 Bg7 6. Nc3 d6
7. g3 h5 8. h4 O-O 9. Bg2 Nd7 10. Nge2 Nf6 11. Qd3 Re8 12. O-O
Bh6 13. b4 c6 14. a4 Bd7 15. b5 Qa5 16. Rab1 Rab8 17. Rb3 Qc7
18. Rfb1 c5 19. b6 axb6 20. Rxb6 Bc6 21. d5 Bd7 22. a5 Bf8
23. R1b3 Bc8 24. Qb1 Ra8 25. Qa2 Nd7 26. R6b5 Ne5 27. Rb1 Nd3
28. Qd2 Ne5 29. Qa2 Nd3 30. Qd2 Nb4 31. Ra1 Bd7 32. Rb6 Rxa5
33. Rxa5 Qxb6 34. Ra1 Bg7 35. Rb1 Qa5 36. Nd1 b5 37. cxb5 Bxb5
38. Nf4 Bd7 39. Bf3 Qa2 40. Qc1 Be5 41. Ne2 Nd3 0-1

[Event "Mindsports"]
[Site "Beijing CHN"]
[Date "2008.10.04"]
[EventDate "2008.10.04"]
[Round "8"]
[Result "1-0"]
[White "Antoaneta Stefanova"]
[Black "Natalia Zdebskaja"]
[WhiteElo "2548"]
[BlackElo "2419"]
[PlyCount "63"]

1. d4 Nf6 2. Bg5 Ne4 3. Bf4 c5 4. f3 Qa5+ 5. c3 Nf6 6. d5 e6
7. e4 exd5 8. exd5 d6 9. Qe2+ Be7 10. Bxd6 Nxd5 11. Na3 O-O
12. Bxe7 Re8 13. O-O-O Nxe7 14. Qb5 Rd8 15. b3 Be6 16. Qd7
Rxd7 17. Bb5 Nec6 18. Ne2 b6 19. Nf4 Rxd1+ 20. Kxd1 Bf5
21. Nd5 Kf8 22. Nxb6 Be4 23. fxe4 Ke7 24. Ke2 Ne5 25. Nd5+ Kd6
26. Ne3 g6 27. b4 cxb4 28. cxb4 Kc7 29. Kd2 Kb6 30. Be2 f5
31. Kc3 g5 32. bxa5+ 1-0

[Event "Mindsports"]
[Site "Beijing CHN"]
[Date "2008.10.04"]
[EventDate "2008.10.04"]
[Round "10"]
[Result "1-0"]
[White "Baira Kovanova"]
[Black "Antoaneta Stefanova"]
[WhiteElo "2379"]
[BlackElo "2548"]
[PlyCount "72"]

1. e4 e5 2. Nf3 Nc6 3. Bc4 Bc5 4. c3 Nf6 5. d3 d6 6. h3 O-O
7. O-O Bb6 8. Bb3 h6 9. Nbd2 Ne7 10. Nc4 Ng6 11. Nxb6 axb6
12. Re1 Nh5 13. Nxe5 Nxe5 14. Qxh5 Nxd3 15. Rd1 Nxc1 16. Raxc1
Be6 17. e5 Bxb3 18. axb3 Ra5 19. f4 Qe7 20. b4 Ra2 21. Rd2
dxe5 22. fxe5 Rfa8 23. Rcd1 Ra1 24. Rxa1 Rxa1+ 25. Kh2 Re1
26. Qf5 Rxe5 27. Qc8+ Kh7 28. Rd8 Rg5 29. Rh8+ Kg6 30. Qxb7
Qe5+ 31. Kh1 Qe1+ 32. Kh2 Qg3+ 33. Kh1 Re5 34. Qc6+ f6 35. Re8
Qe1+ 36. Kh2 Rxe8 1-0

[Event "Mindsports"]
[Site "Beijing CHN"]
[Date "2008.10.04"]
[EventDate "2008.10.04"]
[Round "11"]
[Result "1-0"]
[White "Antoaneta Stefanova"]
[Black "Zhao Xue"]
[WhiteElo "2548"]
[BlackElo "2518"]
[PlyCount "81"]

1. d4 Nf6 2. Bg5 e6 3. e3 h6 4. Bh4 c5 5. Nd2 Nc6 6. Ngf3 cxd4
7. exd4 b6 8. c3 Bb7 9. Bd3 Be7 10. Bxf6 Bxf6 11. Qe2 Qc7
12. Ne4 Be7 13. Ng3 h5 14. h4 Qf4 15. Ba6 Bxa6 16. Qxa6 g6
17. Qd3 d5 18. Ne2 Qd6 19. Qe3 b5 20. a3 Bf6 21. Nf4 Na5
22. Nd3 Nc4 23. Qe2 a5 24. O-O O-O 25. g3 Bg7 26. Ng5 Rab8
27. Nf3 Qc7 28. Rfe1 Rfd8 29. Ng5 Rf8 30. Nc5 Qd6 31. b3 Nb6
32. Qxb5 a4 33. bxa4 Nc4 34. Qd7 Qb6 35. Rab1 Qxb1 36. Rxb1
Rxb1+ 37. Kg2 Ra1 38. Ncxe6 fxe6 39. Qxe6+ Kh8 40. Qxg6 Kg8
41. Qh7+ 1-0

[Event "Mindsports"]
[Site "Beijing CHN"]
[Date "2008.10.05"]
[EventDate "2008.10.04"]
[Round "1.1"]
[Result "1-0"]
[White "Antoaneta Stefanova"]
[Black "Yifan Hou"]
[WhiteElo "2548"]
[BlackElo "2578"]
[PlyCount "36"]

1. d4 e6 2. Nf3 Nf6 3. Bg5 h6 4. Bh4 b6 5. e3 Bb7 6. Nbd2 d6
7. Bd3 g5 8. Bg3 g4 9. Nh4 Rg8 10. h3 Nh5 11. hxg4 Nxg3
12. fxg3 Qg5 13. Kf2 Nd7 14. Be4 Bxe4 15. Nxe4 O-O-O 16. Nd2
a5 17. a4 Be7 18. c3 Rg6 1-0

[Event "Mindsports"]
[Site "Beijing CHN"]
[Date "2008.10.05"]
[EventDate "2008.10.04"]
[Round "1.2"]
[Result "1-0"]
[White "Yifan Hou"]
[Black "Antoaneta Stefanova"]
[WhiteElo "2578"]
[BlackElo "2548"]
[PlyCount "147"]

1. e4 e5 2. Nf3 Nc6 3. Bb5 a6 4. Ba4 Nf6 5. O-O b5 6. Bb3 Bc5
7. Re1 d6 8. c3 Bb6 9. h3 O-O 10. d4 h6 11. Be3 Rb8 12. Nbd2
Re8 13. Bc2 exd4 14. cxd4 Nb4 15. Bb1 c5 16. d5 c4 17. a3 Nd3
18. Bxd3 cxd3 19. Bxb6 Qxb6 20. Qb3 b4 21. Qxd3 a5 22. Nc4 Ba6
23. Nfd2 Qd8 24. Qd4 a4 25. Rac1 Nh5 26. Ne3 Qf6 27. Qxf6 Nxf6
28. Nf5 bxa3 29. bxa3 Rb6 30. f3 Kh7 31. Nc4 Bxc4 32. Rxc4
Nxd5 33. Rxa4 g6 34. Nd4 Rb2 35. Ra7 Kg8 36. Re2 Rb1+ 37. Kf2
Nf4 38. Rd2 d5 39. exd5 Nxd5 40. Ne2 Ne3 41. Rc7 Rf1+ 42. Kg3
Nf5+ 43. Kf4 Rf2 44. Rcc2 Rxg2 45. Nc3 Rxd2 46. Rxd2 Rc8
47. Ne4 Ra8 48. Rd3 Ra4 49. Ke5 Kg7 50. Nc5 Ra5 51. Kd5 h5
52. a4 g5 53. Kc6 Ra8 54. Kb7 Ra5 55. Kb6 Ra8 56. a5 Re8
57. a6 Ne7 58. Kb7 Nc8 59. Ne4 g4 60. hxg4 hxg4 61. fxg4 Rxe4
62. Kxc8 Rxg4 63. Ra3 Re4 64. a7 Re8+ 65. Kc7 Ra8 66. Kb7 Re8
67. a8=Q Rxa8 68. Rxa8 Kf6 69. Kc6 Ke5 70. Re8+ Kf4 71. Kd5 f5
72. Kd4 Kf3 73. Rf8 f4 74. Ke5 1-0

[Event "Mindsports"]
[Site "Beijing CHN"]
[Date "2008.10.05"]
[EventDate "2008.10.04"]
[Round "1.3"]
[Result "0-1"]
[White "Yifan Hou"]
[Black "Antoaneta Stefanova"]
[WhiteElo "2578"]
[BlackElo "2548"]
[PlyCount "92"]

1. e4 e5 2. Nf3 Nc6 3. Bb5 a6 4. Ba4 Nf6 5. O-O Bc5 6. c3 b5
7. Bb3 d6 8. d4 Bb6 9. a4 Bg4 10. h3 Bh5 11. Bg5 Rb8 12. axb5
axb5 13. Nbd2 exd4 14. Bd5 Ne5 15. cxd4 Nxf3+ 16. Nxf3 Bxf3
17. Bc6+ Kf8 18. gxf3 h6 19. Be3 Nh5 20. f4 g6 21. Qf3 b4
22. Kh1 Kg7 23. Rg1 Kh7 24. f5 Qf6 25. Bd5 Rhf8 26. Qg4 Ng7
27. fxg6+ fxg6 28. f4 Rbe8 29. Qg2 Ne6 30. e5 dxe5 31. dxe5
Qf7 32. Be4 Rg8 33. Bxb6 Nxf4 34. Qg4 Rxe5 35. Bc2 cxb6
36. Rad1 Qb7+ 37. Kh2 Re2+ 38. Kg3 Nh5+ 39. Qxh5 Rxc2 40. Qb5
Qc7+ 41. Kg4 Rc4+ 42. Kf3 Qf4+ 43. Ke2 Qe4+ 44. Kf2 Rf8+
45. Kg3 Qf3+ 46. Kh2 Rc2+ 0-1

[Event "Mindsports"]
[Site "Beijing CHN"]
[Date "2008.10.05"]
[EventDate "2008.10.04"]
[Round "2.2"]
[Result "1-0"]
[White "Alexandra Kosteniuk"]
[Black "Antoaneta Stefanova"]
[WhiteElo "2525"]
[BlackElo "2548"]
[PlyCount "79"]

1. e4 e5 2. Nf3 Nc6 3. Bb5 a6 4. Ba4 Nf6 5. O-O Bc5 6. c3 b5
7. Bb3 d6 8. d4 Bb6 9. a4 Bg4 10. h3 Bh5 11. Bg5 Rb8 12. Qd3
Bxf3 13. Bd5 Nxd4 14. cxd4 Bh5 15. Bc6+ Kf8 16. axb5 axb5
17. dxe5 dxe5 18. Qc2 h6 19. Bh4 g5 20. Bg3 Bd4 21. Nc3 b4
22. Nb5 Kg7 23. Nxd4 Qxd4 24. Ra5 b3 25. Qc1 Qb4 26. Rxe5 Rhd8
27. Rc5 Rbc8 28. e5 Nd7 29. Rc4 Qb6 30. Re1 Nb8 31. e6 fxe6
32. Qc3+ Kf7 33. Qe5 Rd6 34. Qe4 Bg6 35. Qf3+ Ke7 36. Bxd6+
cxd6 37. Bd5 Rxc4 38. Rxe6+ Kd7 39. Bxc4 Qc5 40. Qb7+ 1-0

[Event "Mindsports"]
[Site "Beijing CHN"]
[Date "2008.10.05"]
[EventDate "2008.10.04"]
[Round "2.3"]
[Result "1-0"]
[White "Alexandra Kosteniuk"]
[Black "Antoaneta Stefanova"]
[WhiteElo "2525"]
[BlackElo "2548"]
[PlyCount "126"]

1. e4 e5 2. Nf3 Nc6 3. Bb5 a6 4. Ba4 Nf6 5. O-O Bc5 6. c3 b5
7. Bb3 d6 8. d4 Bb6 9. a4 Bg4 10. h3 Bh5 11. Bg5 Rb8 12. axb5
axb5 13. Qd3 O-O 14. Nbd2 h6 15. Bh4 g5 16. Bg3 exd4 17. cxd4
Bg6 18. Qc3 Ne7 19. Rfe1 Ra8 20. Rxa8 Qxa8 21. d5 Nh5 22. Kh2
Nxg3 23. fxg3 Kh7 24. Nd4 Qa5 25. N2f3 Qxc3 26. bxc3 Rb8
27. g4 b4 28. c4 Ra8 29. Nf5 Ng8 30. e5 dxe5 31. Nxe5 Bxf5
32. gxf5 Re8 33. Nd3 Rxe1 34. Nxe1 Ne7 35. g4 Bd4 36. Nd3 Bc3
37. c5 Kg7 38. d6 cxd6 39. cxd6 Nc6 40. Ba4 Nd8 41. Kg2 Kf8
42. Nc5 Bd2 43. Kf3 Bf4 44. d7 Ke7 45. Ke4 Bd6 46. Nb3 f6
47. Kd5 Bg3 48. Nd4 Bd6 49. Nb3 Bg3 50. Na5 Be5 51. Nc4 Bg3
52. Nb6 Bc7 53. Nc8+ Kf7 54. Kc4 Ba5 55. Kb5 Bc7 56. Kxb4 Nb7
57. Bb3+ Kf8 58. Kb5 Nd8 59. Bd5 Bf4 60. Kb6 Bg3 61. Na7 Ke7
62. Be6 Bf2+ 63. Ka6 Bxa7 1-0

[Event "Mindsports"]
[Site "Beijing CHN"]
[Date "2008.10.05"]
[EventDate "2008.10.05"]
[Round "1"]
[Result "1-0"]
[White "Antoaneta Stefanova"]
[Black "Joanna Dworakowska"]
[WhiteElo "2548"]
[BlackElo "2363"]
[PlyCount "65"]

1. d4 g6 2. e4 Bg7 3. Nc3 d6 4. f4 Nf6 5. Nf3 O-O 6. Be3 b6
7. e5 Ng4 8. Bg1 h5 9. Bd3 c5 10. Be4 cxd4 11. Bxd4 dxe5
12. fxe5 Nc6 13. Bxc6 Rb8 14. Qe2 Be6 15. h3 Nh6 16. Rd1 Kh8
17. Ng5 Nf5 18. Bf2 Qc7 19. Bd5 Bxd5 20. Nxd5 Qxe5 21. Qxe5
Bxe5 22. g4 Ng7 23. c3 e6 24. Nb4 Bf4 25. Nf3 Rbc8 26. Rd7 a5
27. Nd3 Bc7 28. Bd4 f6 29. g5 e5 30. gxf6 Rxf6 31. Nfxe5 Kg8
32. Rxg7+ Kxg7 33. Nd7 1-0

[Event "Mindsports"]
[Site "Beijing CHN"]
[Date "2008.10.05"]
[EventDate "2008.10.05"]
[Round "2"]
[Result "0-1"]
[White "Huang Qian"]
[Black "Antoaneta Stefanova"]
[WhiteElo "2430"]
[BlackElo "2548"]
[PlyCount "172"]

1. d4 d5 2. Nf3 Nf6 3. Bf4 c5 4. e3 Qb6 5. Qc1 Nc6 6. c3 Bf5
7. Nbd2 h6 8. Nb3 Nd7 9. Qd2 e6 10. Be2 a5 11. O-O a4 12. Nxc5
Nxc5 13. dxc5 Bxc5 14. Nd4 Bg6 15. Bg3 O-O 16. Bd3 Bxd3
17. Qxd3 Qa6 18. Qd2 Rfe8 19. Rab1 e5 20. Nxc6 bxc6 21. b4
axb3 22. axb3 Bf8 23. h3 Qb6 24. Qc2 Ra3 25. Rfd1 g6 26. e4
dxe4 27. Qxe4 Rxb3 28. Kh2 Rxb1 29. Rxb1 Qc5 30. Qd3 Qe7
31. Qc4 Qe6 32. Qa6 Bc5 33. Qa5 Bd6 34. Qa6 e4 35. Bxd6 Qxd6+
36. Kg1 Qc5 37. c4 e3 38. fxe3 Rxe3 39. Kh1 Re2 40. Qc8+ Kg7
41. Qg4 Qe5 42. Rf1 Qe4 43. Qg3 Qxc4 44. Qf3 Qe6 45. Qc3+ Kh7
46. Rf6 Qd5 47. Qf3 Re1+ 48. Kh2 Qxf3 49. gxf3 h5 50. Rxf7+
Kh6 51. h4 Re6 52. Kg3 Rd6 53. f4 Rd3+ 54. Kg2 Rd2+ 55. Kg3
Rd3+ 56. Kg2 Rc3 57. Rc7 c5 58. Kh2 Rf3 59. Rxc5 Rxf4 60. Kh3
Kg7 61. Rc6 Rf3+ 62. Kg2 Re3 63. Ra6 Kf7 64. Rb6 Re6 65. Rb5
Kf6 66. Kf3 Rc6 67. Rb8 Rc3+ 68. Kf4 Rh3 69. Rb6+ Kg7 70. Rb7+
Kh6 71. Rb8 Rxh4+ 72. Kg3 Ra4 73. Rb5 Ra3+ 74. Kg2 h4 75. Kh2
g5 76. Rb4 Kh5 77. Rb5 Ra2+ 78. Kh3 Ra3+ 79. Kh2 Re3 80. Ra5
Kg4 81. Ra4+ Kf5 82. Ra5+ Re5 83. Ra8 Re2+ 84. Kh3 Re3+
85. Kg2 Kf4 86. Rf8+ Ke5 0-1

[Event "Mindsports"]
[Site "Beijing CHN"]
[Date "2008.10.06"]
[EventDate "2008.10.05"]
[Round "4"]
[Result "0-1"]
[White "Alexandra Kosteniuk"]
[Black "Antoaneta Stefanova"]
[WhiteElo "2525"]
[BlackElo "2548"]
[PlyCount "96"]

1. e4 e5 2. Nf3 Nc6 3. Bb5 Nf6 4. O-O Nxe4 5. d4 Nd6 6. Bxc6
dxc6 7. dxe5 Nf5 8. Qxd8+ Kxd8 9. Nc3 Ne7 10. h3 h6 11. Rd1+
Ke8 12. Ne4 Ng6 13. Re1 c5 14. Ng3 Be6 15. Nh5 Kd7 16. a4 Re8
17. Bd2 Bd5 18. Bc3 Bxf3 19. gxf3 Nh4 20. Red1+ Kc6 21. f4 Rg8
22. Kf1 b6 23. a5 b5 24. a6 b4 25. Bd2 Be7 26. c3 b3 27. Ng3
g5 28. fxg5 hxg5 29. c4 g4 30. hxg4 Rxg4 31. Ra3 Rb8 32. e6 f5
33. Ba5 Bd6 34. Rd3 Rxc4 35. Rdxb3 Re8 36. Rc3 Rxc3 37. Bxc3
Rxe6 38. Rb3 f4 39. Ne2 f3 40. Ng3 c4 41. Rb7 Bc5 42. Ba5 Kd5
43. Rxc7 Rxa6 44. Be1 Ra1 45. Rd7+ Kc6 46. Rd8 Bb4 47. Re8 Ng2
48. Nf5 Nxe1 0-1

[Event "Mindsports"]
[Site "Beijing CHN"]
[Date "2008.10.06"]
[EventDate "2008.10.05"]
[Round "5"]
[Result "1-0"]
[White "Antoaneta Stefanova"]
[Black "Zhao Xue"]
[WhiteElo "2548"]
[BlackElo "2518"]
[PlyCount "89"]

1. d4 d5 2. Bf4 Nf6 3. e3 c6 4. c4 e6 5. a3 Nbd7 6. h3 Be7
7. Nf3 O-O 8. Nc3 b6 9. Bd3 Bb7 10. O-O c5 11. cxd5 exd5
12. Rc1 a6 13. Bb1 Re8 14. Qb3 c4 15. Qc2 b5 16. Ne5 Nf8
17. Rcd1 Ne4 18. Nxe4 dxe4 19. d5 Bd6 20. Nc6 Qc7 21. Bxd6
Qxd6 22. Na5 Bc8 23. Rd4 Bf5 24. f4 h5 25. Qe2 h4 26. Qh5 Qf6
27. d6 Rac8 28. Rfd1 Nd7 29. Rd5 g6 30. Qe2 Qd8 31. b4 cxb3
32. Rxf5 gxf5 33. Nxb3 Qf6 34. Qh5 Kg7 35. Rd5 Rh8 36. Qd1 Rc3
37. Nd4 Rc5 38. Nxf5+ Kf8 39. Rxc5 Nxc5 40. d7 Nb7 41. Bxe4
Nd8 42. Kh2 Qe6 43. Qd4 f6 44. Qc5+ Kf7 45. Bd5 1-0

[Event "Mindsports"]
[Site "Beijing CHN"]
[Date "2008.10.06"]
[EventDate "2008.10.05"]
[Round "6"]
[Result "0-1"]
[White "Yuhua Xu"]
[Black "Antoaneta Stefanova"]
[WhiteElo "2477"]
[BlackElo "2548"]
[PlyCount "166"]

1. e4 e5 2. Nf3 Nc6 3. Bc4 Bc5 4. c3 Nf6 5. d4 exd4 6. e5 d5
7. Bb5 Ne4 8. cxd4 Bb6 9. Nc3 Bd7 10. O-O O-O 11. Bd3 Bf5
12. Be3 f6 13. exf6 Nxc3 14. bxc3 Qxf6 15. Qc2 Ne7 16. Rfe1 c6
17. Rab1 Qg6 18. Bxf5 Nxf5 19. Ne5 Qd6 20. h3 Rab8 21. Bg5 h6
22. Bf4 Nxd4 23. Qd2 Ne6 24. Bg3 Rbe8 25. Kh2 Qd8 26. Ng6 Rf6
27. Bh4 Qb8+ 28. Bg3 Bc7 29. Ne5 Qc8 30. Kh1 Ng5 31. Ng4 Rfe6
32. Bh4 Ne4 33. Qd4 Bb6 34. Qd3 g5 35. f3 Nc5 36. Nxh6+ Rxh6
37. Qd2 Rxe1+ 38. Rxe1 Qf5 39. Bxg5 Re6 40. h4 Kf7 41. Rxe6
Nxe6 42. Bh6 Qb1+ 43. Kh2 Bc7+ 44. g3 Qf1 45. f4 Bb6 46. Qg2
Qxg2+ 47. Kxg2 Kg6 48. f5+ Kxf5 49. Kf3 Kg6 50. Bd2 Bd8
51. Kg4 Ng7 52. Bf4 Bf6 53. Bd2 c5 54. Kf4 Nh5+ 55. Kf3 Ng7
56. Be1 b5 57. g4 d4 58. cxd4 Bxd4 59. h5+ Kh7 60. Ke4 Bf6
61. Bd2 c4 62. g5 Bb2 63. g6+ Kg8 64. Be3 Nxh5 65. Bxa7 Ng3+
66. Kd5 Nf5 67. Ke4 c3 68. Kxf5 c2 69. Be3 c1=Q 70. Bxc1 Bxc1
71. Ke4 b4 72. Kd3 Kg7 73. Kc2 Ba3 74. Kb1 Kxg6 75. Kc2 Kf5
76. Kb1 Ke4 77. Kc2 Ke3 78. Kb1 Kd3 79. Ka1 Ke2 80. Kb1 Kd1
81. Ka1 Bc1 82. Kb1 Kd2 83. Ka1 Kc2 0-1

[Event "Mindsports"]
[Site "Beijing CHN"]
[Date "2008.10.07"]
[EventDate "2008.10.05"]
[Round "8"]
[Result "1/2-1/2"]
[White "Jovanka Houska"]
[Black "Antoaneta Stefanova"]
[WhiteElo "2399"]
[BlackElo "2548"]
[PlyCount "67"]

1. d4 d5 2. Nf3 Nf6 3. c4 c6 4. e3 Bg4 5. h3 Bxf3 6. Qxf3 e6
7. Nc3 Nbd7 8. Bd3 Bd6 9. O-O O-O 10. Bd2 Qe7 11. Rfe1 Rfe8
12. e4 dxc4 13. Bxc4 e5 14. d5 Bc5 15. dxc6 bxc6 16. Ne2 Rab8
17. Bb3 Bb4 18. Red1 Bxd2 19. Rxd2 Nc5 20. Ng3 Nxb3 21. axb3
g6 22. Qe3 Rb7 23. Rd3 Reb8 24. Rc3 Ne8 25. Rxc6 Rxb3 26. Qc5
Qxc5 27. Rxc5 f6 28. Rxa7 Rxb2 29. Rd5 R2b7 30. Rd7 Rxa7
31. Rxa7 Rb1+ 32. Kh2 Rc1 33. Rd7 Rc7 34. Rxc7 1/2-1/2

[Event "Mindsports"]
[Site "Beijing CHN"]
[Date "2008.10.07"]
[EventDate "2008.10.05"]
[Round "9"]
[Result "1-0"]
[White "Antoaneta Stefanova"]
[Black "Li Ruofan"]
[WhiteElo "2548"]
[BlackElo "2426"]
[PlyCount "113"]

1. d4 e6 2. Nf3 Nf6 3. g3 c5 4. Bg2 Nc6 5. O-O d5 6. c4 dxc4
7. Qa4 Bd7 8. Qxc4 b5 9. Qd3 c4 10. Qd1 Rc8 11. b3 Be7 12. a4
a6 13. axb5 axb5 14. bxc4 bxc4 15. Ne5 Nd5 16. Bxd5 Nxe5
17. dxe5 exd5 18. Qxd5 Bh3 19. Qb5+ Kf8 20. Re1 Qd4 21. Qa5
Kg8 22. Nc3 h5 23. Be3 Qg4 24. Qd5 Qg6 25. Qb7 Bf8 26. Ra6 Qc2
27. Rc1 Qf5 28. e6 Re8 29. exf7+ Qxf7 30. Qxf7+ Kxf7 31. Nd5
Rd8 32. Nf4 Bf5 33. Rxc4 Rd1+ 34. Kg2 h4 35. Ra7+ Kg8 36. Ra8
h3+ 37. Kf3 Rh6 38. g4 Bd7 39. g5 Rhd6 40. Rxf8+ Kxf8 41. Bc5
Ke7 42. Bxd6+ Kxd6 43. Ke3 Rh1 44. Rd4+ Kc7 45. Nh5 g6 46. Nf4
Bf5 47. Nd5+ Kd6 48. Nf4+ Ke7 49. Nd5+ Ke6 50. Nf4+ Kf7
51. Ra4 Rxh2 52. Ra1 Ke7 53. Kf3 Kd6 54. Kg3 Ke5 55. Nxg6+
Bxg6 56. Kxh2 Bf5 57. Ra3 1-0

[Event "Mindsports"]
[Site "Beijing CHN"]
[Date "2008.10.07"]
[EventDate "2008.10.05"]
[Round "1.1"]
[Result "1/2-1/2"]
[White "Jovanka Houska"]
[Black "Antoaneta Stefanova"]
[WhiteElo "2399"]
[BlackElo "2548"]
[PlyCount "162"]

1. d4 d5 2. Nf3 Nf6 3. c4 c6 4. e3 Bg4 5. h3 Bxf3 6. Qxf3 e6
7. Nc3 Nbd7 8. Bd3 Bd6 9. O-O O-O 10. Rd1 Qe7 11. g3 Rfe8
12. Qg2 dxc4 13. Bxc4 e5 14. dxe5 Bxe5 15. Bd2 h5 16. h4 Ng4
17. Ne2 Nb6 18. Bb3 Bxb2 19. Rab1 Be5 20. a4 Rad8 21. a5 Nd5
22. a6 bxa6 23. Ba5 Rc8 24. Qf3 Ndf6 25. Nd4 Bxd4 26. Rxd4 c5
27. Rf4 Ne5 28. Qe2 Rb8 29. Bc3 Nd5 30. Bxd5 Rxb1+ 31. Kg2 Rd8
32. Ba2 Rc1 33. Bb2 Rcd1 34. Bxe5 Qxe5 35. Rxf7 Kh8 36. Re7
Qf5 37. e4 Qg4 38. Qxg4 hxg4 39. Re5 g6 40. Rxc5 Ra1 41. Be6
Re8 42. Rc6 Kg7 43. Bxg4 Rxe4 44. Rc7+ Kf6 45. Bf3 Re7
46. Rc6+ Re6 47. Rc7 Re7 48. Rc6+ Kg7 49. h5 gxh5 50. Bxh5 a5
51. f4 Rb7 52. f5 Rb2+ 53. Kh3 Rf2 54. Bg6 a4 55. Kg4 Ra3
56. Ra6 Rg2 57. Rxa7+ Kf6 58. Ra6+ Ke5 59. Re6+ Kd4 60. Kg5
Raxg3+ 61. Kf6 a3 62. Ra6 Kc5 63. Bf7 Kb5 64. Ra8 Kb4 65. Be6
Re3 66. Rb8+ Kc3 67. Ra8 Kb2 68. Rb8+ Kc1 69. Ra8 Rf2 70. Ra6
Kb1 71. Rb6+ Rb2 72. Ra6 a2 73. Bxa2+ Rxa2 74. Rxa2 Kxa2
75. Kg7 Kb3 76. f6 Rg3+ 77. Kh7 Rf3 78. Kg7 Kc4 79. f7 Rg3+
80. Kh7 Rf3 81. Kg7 Rxf7+ 1/2-1/2

[Event "Mindsports"]
[Site "Beijing CHN"]
[Date "2008.10.07"]
[EventDate "2008.10.05"]
[Round "1.2"]
[Result "1-0"]
[White "Antoaneta Stefanova"]
[Black "Jovanka Houska"]
[WhiteElo "2548"]
[BlackElo "2399"]
[PlyCount "59"]

1. d4 d5 2. Bf4 Nf6 3. e3 c6 4. c4 a6 5. cxd5 cxd5 6. Bd3 Nc6
7. Nc3 Bg4 8. Nge2 e6 9. Rc1 Be7 10. O-O O-O 11. Na4 Bxe2
12. Bxe2 Nd7 13. a3 Rc8 14. b4 Nf6 15. Nc5 Qb6 16. Qd3 Rfd8
17. Rc2 Bd6 18. Bg5 Ne7 19. Bxf6 gxf6 20. Bh5 f5 21. Rfc1 Rc6
22. g4 Qc7 23. f4 Rc8 24. Rg2 fxg4 25. Bxf7+ Kxf7 26. Qxh7+
Ke8 27. Qh5+ Ng6 28. Rxg4 b6 29. Rxg6 bxc5 30. Rg7+ 1-0

[Event "Euro Club Cup (Women)"]
[Site "Kallithea GRE"]
[Date "2008.10.17"]
[EventDate "2008.10.17"]
[Round "1"]
[Result "0-1"]
[White "Svetlana Petrenko"]
[Black "Antoaneta Stefanova"]
[WhiteElo "2285"]
[BlackElo "2548"]
[PlyCount "114"]

1. e4 e5 2. Nf3 Nc6 3. Bb5 a6 4. Ba4 Nf6 5. O-O b5 6. Bb3 Bc5
7. c3 d6 8. d4 Ba7 9. dxe5 Nxe5 10. Nxe5 dxe5 11. Qxd8+ Kxd8
12. Nd2 Ke7 13. Nf3 Bb7 14. Bg5 h6 15. Bh4 c5 16. Nxe5 c4
17. Bc2 g5 18. Bg3 Rhd8 19. Rad1 Ke6 20. Nf3 Bxe4 21. Rde1 Kf5
22. Rxe4 Nxe4 23. Re1 Rd3 24. Ne5 Bxf2+ 25. Bxf2 Kxe5 26. Bd4+
Kd5 27. Rf1 Re8 28. Rf5+ Kd6 29. Bxd3 cxd3 30. Rf3 d2 31. Rd3
Kc6 32. g4 Nxc3 33. Rxd2 Nxa2 34. Bg7 Nb4 35. Rf2 Re1+ 36. Kg2
Nd5 37. Rxf7 Nf4+ 38. Kf3 Ne6 39. Kf2 Rb1 40. Bh8 Rh1 41. Kg2
Rd1 42. Rf6 Rd6 43. Kg3 Nd8 44. Rf5 a5 45. Bf6 Ne6 46. Rf3 Rd1
47. Re3 Kd6 48. Kf2 Nf4 49. Be5+ Kd5 50. Bg7 Rd2+ 51. Kg1 Rg2+
52. Kh1 Rxg4 53. Re5+ Kc6 54. Re4 Rh4 55. Bf6 a4 56. Bc3 Rh3
57. Kg1 a3 0-1

[Event "Euro Club Cup (Women)"]
[Site "Kallithea GRE"]
[Date "2008.10.18"]
[EventDate "2008.10.17"]
[Round "2"]
[Result "1-0"]
[White "Antoaneta Stefanova"]
[Black "Corina-Isabela Peptan"]
[WhiteElo "2548"]
[BlackElo "2430"]
[PlyCount "97"]

1. d4 Nf6 2. Bg5 e6 3. Nd2 h6 4. Bh4 c5 5. e3 cxd4 6. exd4 Be7
7. Ngf3 b6 8. Bd3 Bb7 9. O-O d6 10. c4 Nbd7 11. Re1 O-O
12. Rc1 d5 13. Bb1 dxc4 14. Nxc4 Rc8 15. Qd3 Re8 16. Nfe5 Nxe5
17. dxe5 Qxd3 18. Bxd3 Nd7 19. Nd6 Bxd6 20. exd6 Rxc1 21. Rxc1
Rc8 22. Rxc8+ Bxc8 23. Bd8 f6 24. f4 Kf7 25. b4 Nb8 26. Bc7
Nc6 27. b5 Nb4 28. Bc4 Ke8 29. Bb8 Kd7 30. Bxa7 Kxd6 31. Bxb6
Nd5 32. Ba7 Nxf4 33. a4 Nd5 34. a5 Nb4 35. a6 e5 36. Kf2 f5
37. Ke3 g5 38. Kd2 f4 39. Kc3 Nd5+ 40. Kb3 Ne3 41. Bxe3 fxe3
42. b6 Be6 43. a7 e2 44. b7 Bxc4+ 45. Kxc4 e1=Q 46. b8=Q+ Ke6
47. Qe8+ Kd6 48. Qd8+ Ke6 49. Qd5+ 1-0